El Parlamento Centroamericano: una instancia de paz y reconciliación
Guardat en:
| Autor corporatiu: | |
|---|---|
| Format: | Text |
| Publicat: |
San José:
PARLACEN
|
| Etiquetes: |
Afegir etiqueta
Sense etiquetes, Sigues el primer a etiquetar aquest registre!
|
MARC
| LEADER | 00000 a a2200000 04500 | ||
|---|---|---|---|
| 001 | 25804 | ||
| 003 | |||
| 040 | |||
| 090 | |a 174200 | ||
| 110 | |a PARLACEN | ||
| 245 | |a El Parlamento Centroamericano: una instancia de paz y reconciliación | ||
| 260 | |a San José: |b PARLACEN | ||
| 300 | |a s.p. | ||
| 999 | |c 12495 |d 12495 | ||
